Družstevný obzor časopis pre družstevníctvo a hospodársky pokrok
| New Title: | Družstevné noviny |
|---|---|
| Previous Title: | Hospodársky obzor Družstevník |
| Format: | Newspaper |
| Language: | Slovak Hungarian |
| PhysicalDescription: | 13 zv. 28-46 cm |
| Published: |
Bratislava
Slovenská rada družstiev
1948-1960
Bratislava Oráč, roľnícke nakladateľstvo Bratislava Slovenský sväz spotrebných družstiev Praha Ústredný sväz spotrebných družstiev |
| Subjects: |
MARC
| LEADER | 00000cas a2200000 a 4500 | ||
|---|---|---|---|
| 001 | vtls010301195 | ||
| 003 | SK-MaSNL | ||
| 005 | 20260228161529.0 | ||
| 008 | 110810d19481960xo er|ne 0 b0slo | ||
| 040 | |a SNK |b slo |c SNK |e AACR2 | ||
| 041 | 0 | |a slo |a hun | |
| 044 | |a xo |c SK | ||
| 072 | 7 | |a 334 |x Formy organizácie a spolupráce v ekonomike |2 konspekt | |
| 080 | |a 334.73 |2 2011 | ||
| 080 | |a 050 |2 2011 | ||
| 080 | |a (051)-048.55 |2 2011 | ||
| 080 | |a 334.735 |2 2011 | ||
| 245 | 0 | 0 | |a Družstevný obzor |b časopis pre družstevníctvo a hospodársky pokrok |
| 260 | |a Bratislava |b Slovenská rada družstiev |c 1948-1960 | ||
| 260 | 2 | |3 8/1950-1952 |a Bratislava |b Oráč, roľnícke nakladateľstvo | |
| 260 | 2 | |3 1953-13/1960 |a Bratislava |b Slovenský sväz spotrebných družstiev | |
| 260 | 3 | |3 14/1960-26/1960 |a Praha |b Ústredný sväz spotrebných družstiev | |
| 300 | |a 13 zv. |c 28-46 cm | ||
| 310 | |a 1x za 2 týždne |b 1960 | ||
| 321 | |a 1x týždenne |b 14/1955-1959 | ||
| 321 | |a 1x za 2 týždne |b 3/1955-13/1955 | ||
| 321 | |a 1x týždenne |b 1953-2/1955 | ||
| 321 | |a 2x mesačne |b 21/1948-1952 | ||
| 362 | 0 | |a Roč. XXX, č. 21 (31.10.1948)-roč. XLII, č. 26 (1960) | |
| 500 | |a Zmena podnázvu: od č. 19 (6. okt 1951) : orgán Slovenskej rady družstiev ; od č. 1 (10. jan. 1953): orgán Slovenského zväzu spotrebných družstiev ; od č. 14 (15. júla 1960): časopis československého spotrebného družstevníctva, Nositeľa radu Republiky | ||
| 500 | |a Tlač.: Kníhtlačiareň Ľudotypia, od č. 7 (1. apr. 1950) Tlačiarenské závody Tatran, záv. Ľudotypia, od č. 19 (6. okt. 1951) Tlačiarenské závody Pravda, záv. v Žiline, od č. 3 (7. febr. 1952) Západoslov. tlačiarne, zákl. záv. Concordia, od č. 3 (24. jan. 1953) Merkantilné tlačiarne, zákl. záv. , od č. 14 (3. apr. 1958) Západoslov. tlačiarne, záv. 01 Bratislava | ||
| 500 | |a Od č. 19/1951 zmena formátu na 46 cm | ||
| 525 | |a Príloha: od č. 21/1948-1951: Roľnícke družstevné noviny | ||
| 546 | |a Od r. 1955 príspevky aj v maďarskom jazyku | ||
| 580 | |a Nadviazal na Hodpodársky obzor, od 6. okt. 1951 plnil aj funkciu čas. Družstevník. Po r. 1960 pokračoval pod názvom Družstevné noviny | ||
| 650 | 0 | 7 | |a družstevníctvo |2 SNKPH |9 2134 |
| 650 | 0 | 7 | |a spotrebné družstvá |2 SNKPH |9 2135 |
| 655 | 7 | |a špecializované časopisy |2 SNKPH |9 70509 | |
| 710 | 2 | |a Slovenská rada družstiev (Bratislava, Slovensko) |4 pbl |9 268814 | |
| 710 | 2 | |a Slovenský zväz spotrebných družstiev (Bratislava, Slovensko) |4 pbl |9 268815 | |
| 710 | 2 | |a Ústredný zväz spotrebných družstiev (Praha, Česko) |4 pbl |9 268816 | |
| 710 | 2 | |a Oráč (vydavateľstvo : Bratislava, Slovensko) |4 pbl |9 165303 | |
| 770 | 0 | |t Družstevný obzor - Magyar melléklettel | |
| 770 | 0 | |t Roľnícke družstevné noviny | |
| 780 | 0 | 0 | |t Hospodársky obzor |w vtls010301341 |
| 780 | 0 | 2 | |t Družstevník |w vtls010299690 |
| 785 | 0 | 0 | |t Družstevné noviny |w vtls008880513 |
| 910 | |a snk | ||
| 916 | |a 21/1948-26/1960 | ||
| 999 | |c 5680 |d 7610 | ||
| 952 | |0 0 |1 0 |4 0 |7 0 |a SNK |b SNK |d 2020-08-19 |f 1 |i snk 70/54 |l 0 |o snkČSB 101/35/1953 |p 17A0712129 |r 2026-02-21 20:13:45 |t č. 1-51 |w 2026-02-21 |y PREZ | ||
| 952 | |0 0 |1 0 |4 0 |7 0 |a SNK |b SNK |d 2020-08-19 |f 1 |i snkČSP 87/56 |l 0 |o snkČSB 101/37/1955 |p 17A0712130 |r 2026-02-21 20:13:47 |t č. 1-40 |w 2026-02-21 |y PREZ | ||
| 952 | |0 0 |1 0 |4 0 |7 0 |a SNK |b SNK |d 2020-08-18 |f 1 |i snk 170-1/53 |l 0 |o snkČSB 101/33/1951/1 |p 17A0712143 |r 2026-02-21 20:13:47 |t č. 1-18 |w 2026-02-21 |y PREZ | ||
| 952 | |0 0 |1 0 |4 0 |7 0 |a SNK |b SNK |d 2020-08-18 |f 1 |i snkII. 1098/49 |l 0 |o snkČSB 101/31/1949 |p 17A0712141 |r 2026-02-21 20:13:48 |t č. 1-24 |w 2026-02-21 |y PREZ | ||
| 952 | |0 0 |1 0 |4 0 |7 0 |a SNK |b SNK |d 2020-08-18 |f 1 |i snk 456/51 |l 0 |o snkČSB 101/32/1950 |p 17A0712142 |r 2026-02-21 20:13:48 |t č. 1-24 |w 2026-02-21 |y PREZ | ||
| 952 | |0 0 |1 0 |3 Chýba č. 32, 33, 34 |4 0 |7 0 |a SNK |b SNK |d 2018-02-27 |i snkČSP 1123/58 |l 0 |o snkČSB 101/38/1956 D1 |p 17A1153520 |r 2026-02-21 20:13:50 |t č. 1-52, neúplné |w 2026-02-21 |y PREZ |z Chýba č. 32, 33, 34 | ||
| 952 | |0 0 |1 0 |4 0 |7 0 |a SNK |b SNK |d 2020-08-19 |f 1 |i snkČSP 59/57 |l 0 |o snkČSB 101/38/1956 |p 17A0712132 |r 2026-02-21 20:15:58 |t č. 1-52 |w 2026-02-21 |y PREZ | ||
| 952 | |0 0 |1 0 |4 0 |7 0 |a SNK |b SNK |d 2020-08-19 |f 1 |i snkČSP 109/58 |l 0 |o snkČSB 101/39/1957 |p 17A0712134 |r 2026-02-21 20:15:58 |t č. 1-52 |w 2026-02-21 |y PREZ | ||
| 952 | |0 0 |1 0 |4 0 |7 0 |a SNK |b SNK |d 2018-02-27 |i snkČSP 110/58 |l 0 |o snkČSB 101/39/1957 D1 |p 17A1153519 |r 2026-02-21 20:19:18 |t č. 1-52 |w 2026-02-21 |y PREZ | ||
| 952 | |0 0 |1 0 |4 0 |7 0 |a SNK |b SNK |d 2020-08-18 |f 1 |l 0 |o snkČSB 101/33/1951/2 |p 17A0712128 |r 2026-02-21 20:26:53 |t č. 19-25 |w 2026-02-21 |y PREZ | ||
| 952 | |0 0 |1 0 |4 0 |7 0 |a SNK |b SNK |d 2020-08-18 |f 1 |l 0 |o snkČSB 101/34/1952 |p 17A0712127 |r 2026-02-21 20:26:53 |t č. 1-27 |w 2026-02-21 |y PREZ | ||
| 952 | |0 0 |1 0 |4 0 |7 0 |a SNK |b SNK |d 2020-08-20 |i snkII. 1534/55 |l 0 |o snkČSB 101/36/1954 D1 |p 17A1431476 |r 2026-02-21 20:27:02 |t č. 1-52 |w 2026-02-21 |y PREZ | ||
| 952 | |0 0 |1 0 |4 0 |7 0 |a SNK |b SNK |d 2018-02-27 |i snkXI. 3892/55 |l 0 |o snkČSB 101/33/1951 D1 |p 17A1153525 |r 2026-02-21 20:27:11 |t č. 1-25 |w 2026-02-21 |y PREZ | ||
| 952 | |0 0 |1 0 |4 0 |7 0 |a SNK |b SNK |d 2018-02-27 |i snkXI. 3891/55 |l 0 |o snkČSB 101/34/1952 D1 |p 17A1153524 |r 2026-02-21 20:27:11 |t č. 1-26 |w 2026-02-21 |y PREZ | ||
| 952 | |0 0 |1 0 |4 0 |7 0 |a SNK |b SNK |d 2018-02-27 |i snkII. 1076/54 |l 0 |o snkČSB 101/35/1953 D1 |p 17A1153523 |r 2026-02-21 20:27:11 |t č. 1-51 |w 2026-02-21 |y PREZ | ||
| 952 | |0 0 |1 0 |4 0 |7 0 |a SNK |b SNK |d 2018-02-27 |f 1 |i snkII. 1533/55 |l 0 |o snkČSB 101/36/1954 |p 17A1153522 |r 2026-02-21 20:27:11 |t č. 1-52 |w 2026-02-21 |y PREZ | ||
| 952 | |0 0 |1 0 |4 0 |7 0 |a SNK |b SNK |d 2018-02-27 |i snkČSP 72/56 |l 0 |o snkČSB 101/37/1955 D1 |p 17A1153521 |r 2026-02-21 20:38:19 |t č. 1-40 |w 2026-02-21 |y PREZ | ||
| 952 | |0 0 |1 0 |4 0 |7 0 |a SNK |b SNK |d 2015-01-29 |f 1 |i snkČSP 1012/61 |l 0 |o snkČSB 101/43[42]/1960 |p 17A0712137 |r 2026-02-21 20:52:29 |t č. 1-26 |w 2026-02-21 |y PREZ | ||
| 952 | |0 0 |1 0 |4 0 |7 0 |a SNK |b SNK |d 2015-01-29 |i snkČSP 376/62 |l 0 |o snkČSB 101/43[42]/1960 D1 |p 17A1075346 |r 2026-02-21 20:52:29 |t č. 1-26 |w 2026-02-21 |y PREZ | ||
| 952 | |0 0 |1 0 |4 0 |7 0 |a SNK |b SNK |d 2018-02-27 |i snkČSP 115/59 |l 0 |o snkČSB 101/40/1958 D1 |p 17A1153518 |r 2026-02-21 21:49:27 |t č. 1-52 |w 2026-02-21 |y PREZ | ||
| 952 | |0 0 |1 0 |4 0 |7 0 |a SNK |b SNK |d 2018-02-27 |i snkČSP 1946/61 |l 0 |o snkČSB 101/41/1959 D1 |p 17A1153517 |r 2026-02-21 21:49:27 |t č. 1-52 |w 2026-02-21 |y PREZ | ||
| 952 | |0 0 |1 0 |4 0 |7 0 |a SNK |b SNK |d 2020-08-19 |f 1 |i snkČSP 114/59 |l 0 |o snkČSB 101/40/1958 |p 17A0712135 |r 2026-02-21 22:08:31 |t č. 1-52 |w 2026-02-21 |y PREZ | ||
| 952 | |0 0 |1 0 |4 0 |7 0 |a SNK |b SNK |d 2020-08-19 |f 1 |i snkČSP 7/60 |l 0 |o snkČSB 101/41/1959 |p 17A0712131 |r 2026-02-21 22:08:31 |t č. 1-52 |w 2026-02-21 |y PREZ | ||
| 952 | |0 0 |1 0 |4 0 |7 0 |a SNK |b SNK |d 2020-10-09 |f 1 |l 0 |o snkČSB 101/30/1948/2 |p 17A1432273 |r 2026-02-21 22:23:03 |t č. 21-24 |w 2026-02-21 |y PREZ |z Po č. 20 vychádzal pod názvom Hospodársky obzor | ||


